|
|
|
|
| LEADER |
00000nam0a2200000 4500 |
| 001 |
192140 |
| 005 |
20231031181015.0 |
| 035 |
|
|
|a (RuTPU)RU\TPU\book\209520
|
| 090 |
|
|
|a 192140
|
| 100 |
|
|
|a 20110218d1970 m y0rusy50 ca
|
| 101 |
0 |
|
|a rus
|
| 102 |
|
|
|a CZ
|a RU
|
| 105 |
|
|
|a a z 001zy
|
| 200 |
1 |
|
|a Голландская и фламандская живопись
|e альбом
|f под ред. В. Ф. Левинсон-Лессинга
|
| 205 |
|
|
|a 3-е изд.
|
| 210 |
|
|
|a Прага
|c Артия
|a Ленинград
|c Аврора
|d 1970
|
| 215 |
|
|
|a XXIII с., 92 л. илл.
|c ил.
|
| 225 |
1 |
|
|a Государственный Эрмитаж
|
| 320 |
|
|
|a Библиогр. в примеч.
|
| 610 |
1 |
|
|a изобразительное искусство
|
| 610 |
1 |
|
|a живопись
|
| 610 |
1 |
|
|a голландская живопись
|
| 610 |
1 |
|
|a фламандская живопись
|
| 610 |
1 |
|
|a альбомы
|
| 610 |
1 |
|
|a музейные собрания
|
| 610 |
1 |
|
|a Эрмитаж
|
| 610 |
1 |
|
|a 17 век
|
| 610 |
1 |
|
|a Голландия
|
| 610 |
1 |
|
|a культура
|
| 610 |
1 |
|
|a искусство
|
| 675 |
|
|
|a 7(074)
|v 3
|
| 675 |
|
|
|a 75И
|v 3
|
| 702 |
|
1 |
|a Левинсон-Лессинг
|b В. Ф.
|4 340
|
| 801 |
|
1 |
|a RU
|b 63413507
|c 20110218
|
| 801 |
|
2 |
|a RU
|b 63413507
|c 20110414
|g RCR
|
| 942 |
|
|
|c BK
|